A multicriteria aware optimal routing approach for enhancing quality of service in device to device communication /
محفوظ في:
| المؤلف الرئيسي: | |
|---|---|
| التنسيق: | أطروحة كتاب |
| اللغة: | English |
| منشور في: |
2020.
|
| الموضوعات: | |
| الوصول للمادة أونلاين: | http://studentsrepo.um.edu.my/12528/ |
| الوسوم: |
إضافة وسم
لا توجد وسوم, كن أول من يضع وسما على هذه التسجيلة!
|
| LEADER | 01685nam a2200397 i 4500 | ||
|---|---|---|---|
| 001 | u1141821 | ||
| 003 | SIRSI | ||
| 005 | 202103081252 | ||
| 008 | 210308s2020 my a m 000 0 eng d | ||
| 040 | |a UMM |d AUM |e rda | ||
| 090 | |a TK7 |b UMP 2020 Til | ||
| 097 | |a TK7 |b UMP 2020 Til | ||
| 100 | 1 | |a Tilwari, Valmik, |e author. | |
| 245 | 1 | 2 | |a A multicriteria aware optimal routing approach for enhancing quality of service in device to device communication / |c Valmik Tilwari. |
| 264 | 1 | |c 2020. | |
| 300 | |a xviii, 148 leaves : |b illustrations ; |c 30 cm | ||
| 336 | |a text |2 rdacontent | ||
| 337 | |a unmediated |2 rdamedia | ||
| 337 | |a computer |2 rdamedia | ||
| 338 | |a volume |2 rdacarrier | ||
| 338 | |a computer disc |2 rdacarrier | ||
| 502 | |b Ph.D. |c Jabatan Kejuruteraan Elektrik, Fakulti Kejuruteraan, Universiti Malaya |d 2020. | ||
| 504 | |a Bibliography: leaves 127-147. | ||
| 530 | |a Also issued in CD. | ||
| 650 | 0 | |a Routing protocols (Computer network protocols). | |
| 650 | 0 | |a Internet of things. | |
| 650 | 0 | |a Telecommunication |x Technological innovations. | |
| 650 | 0 | |a Mobile communication systems. | |
| 650 | 0 | |a Digital communications. | |
| 710 | 2 | |a Universiti Malaya. |b Jabatan Kejuruteraan Elektrik, |e degree granting institution. | |
| 856 | 4 | 1 | |u http://studentsrepo.um.edu.my/12528/ |
| 900 | |a US NSM | ||
| 596 | |a 1 7 25 | ||
| 999 | |a TK7 UMP 2020 TIL |w LC |c 1 |i A517647163 |f 18/3/2021 |g 1 |l STACKS |m P01UTAMA |r Y |s Y |t TESIS |u 8/3/2021 |1 STEM | ||
| 999 | |a TK7 UMP 2020 TIL |w LC |c 1 |i A517647177 |f 25/3/2021 |g 1 |l STACKS |m P25UMARCHI |r N |s Y |t CD |u 25/3/2021 |1 STEM |o .STAFF. MST-CD555 | ||
| 999 | |a TK7 UMP 2020 TIL |w LC |c 1 |i A517692088 |f 6/4/2022 |g 1 |l STACKS |m P07JURUTER |r Y |s Y |t TESIS |u 6/4/2022 |1 STEM | ||
